[Event "C.to Italiano Qualificazione"]
[Site "Saint Vincent - Chatillon ITA"]
[Date "2008.07.27"]
[Round "9"]
[White "Sorbelli, Massimo"]
[Black "Della Penna, Vincenzo"]
[Result "1-0"]
[WhiteElo "1961"]
[BlackElo "1834"]
[PlyCount "131"]
[EventDate "2008.07.19"]

1. d4 Nf6 2. c4 d6 3. Nc3 g6 4. g3 Bg7 5. Bg2 O-O 6. e4 e5 7. Nge2 Nc6 8. d5
Ne7 9. b4 Nd7 10. O-O f5 11. Rb1 h6 12. Qb3 Kh8 13. f4 b6 14. Be3 Nf6 15. fxe5
Ng4 16. Bd2 Nxe5 17. Nf4 Rf6 18. Ne6 Bxe6 19. dxe6 c6 20. exf5 Nxf5 21. Ne2 Qe7
22. b5 Rc8 23. bxc6 Nxc6 24. Bd5 Nfd4 25. Qd3 Nxe6 26. Rxf6 Qxf6 27. Rf1 Nc5
28. Rxf6 Nxd3 29. Rxg6 Ne7 30. Rxd6 Nxd5 31. Rxd5 Ne5 32. Bc3 Nf3+ 33. Kg2 Bxc3
34. Kxf3 Rxc4 35. Rd8+ Kg7 36. Rd7+ Kf6 37. Rxa7 Ba5 38. Rd7 Rc2 39. a4 Ra2 40.
Rd4 Kg7 41. h4 Ra3+ 42. Ke4 Be1 43. Kf4 Bf2 44. Re4 Kf6 45. h5 Rd3 46. Kg4 Kg7
47. Re5 Re3 48. Rxe3 Bxe3 49. Kf5 Kf7 50. g4 Ke7 51. Nc3 Kd6 52. Ne4+ Kd5 53.
g5 hxg5 54. Nxg5 Bd4 55. h6 Kc4 56. Nf7 Kd5 57. Kg6 Ke6 58. Nd8+ Kd7 59. Nf7
Ke6 60. Ng5+ Ke7 61. h7 Bc3 62. Nf7 Bd4 63. Nh6 Kf8 64. Ng8 Bh8 65. Nf6 b5 66.
axb5 1-0

[Event "C.to Italiano Qualificazione"]
[Site "Saint Vincent - Chatillon ITA"]
[Date "2008.07.27"]
[Round "9"]
[White "Zara, Enrico"]
[Black "Saviano, Sabato"]
[Result "1-0"]
[WhiteElo "1857"]
[BlackElo "1693"]
[PlyCount "67"]
[EventDate "2008.07.19"]

1. d4 Nf6 2. Nf3 g6 3. c4 Bg7 4. Nc3 d6 5. g3 Bg4 6. Bg2 Nc6 7. O-O Qd7 8. e4
O-O 9. Be3 Bh3 10. Bxh3 Qxh3 11. Ng5 Qd7 12. f4 h6 13. Nf3 Qh3 14. Qe2 Ng4 15.
Rad1 Nxe3 16. Qxe3 a6 17. e5 e6 18. Ne4 Qh5 19. Kg2 Ne7 20. h3 Nf5 21. Qf2 g5
22. g4 Nh4+ 23. Nxh4 Qxh4 24. fxg5 hxg5 25. Nf6+ Bxf6 26. Qxf6 Rad8 27. d5 dxe5
28. dxe6 Rxd1 29. exf7+ Kh7 30. Qf5+ Kh6 31. Rxd1 e4 32. Qf6+ Kh7 33. Rd8 Rxd8
34. Qxd8 1-0

[Event "XIV C.to Mondiale ICSC"]
[Site "Sankt Gallen SUI"]
[Date "2008.07.20"]
[Round "1"]
[White "Jentsch, Dieter"]
[Black "Pasquotto, Mirko"]
[Result "1-0"]
[WhiteElo "2220"]
[BlackElo "1900"]
[PlyCount "87"]
[EventDate "2008.07.20"]

1. e4 c5 2. Nf3 d6 3. c3 Nf6 4. Bc4 e6 5. Qe2 a6 6. Bb3 b5 7. d4 Bb7 8. e5 dxe5
9. dxe5 Nfd7 10. O-O Qc7 11. Bf4 Nc6 12. Nbd2 c4 13. Bc2 Nc5 14. b4 cxb3 15.
axb3 Ne7 16. c4 b4 17. Bg3 Ng6 18. h4 h5 19. Rfe1 O-O-O 20. Ng5 Qc6 21. f3 Qe8
22. Nge4 Be7 23. Ra5 Qc6 24. Nd6+ Bxd6 25. exd6 Qb6 26. Ra2 Nd3+ 27. Qe3 Qxe3+
28. Rxe3 Nc5 29. Bxg6 fxg6 30. Re5 Nd7 31. Rxe6 Nf6 32. Ra4 Rhe8 33. Rxe8 Nxe8
34. c5 Nc7 35. Rxb4 Nb5 36. Rf4 Bd5 37. Nc4 Kb7 38. Na5+ Kc8 39. Rb4 Kd7 40.
Ra4 Re8 41. Bf2 Kc8 42. Ra1 Nc3 43. c6 Kb8 44. d7 1-0

[Event "XIV C.to Mondiale ICSC"]
[Site "Sankt Gallen SUI"]
[Date "2008.07.22"]
[Round "3"]
[White "Schmid, Jaroslav"]
[Black "Pasquotto, Mirko"]
[Result "1-0"]
[WhiteElo "2105"]
[BlackElo "1900"]
[PlyCount "55"]
[EventDate "2008.07.20"]

1. e4 c5 2. Nf3 d6 3. d4 cxd4 4. Nxd4 Nf6 5. Nc3 a6 6. Bg5 e6 7. f4 Nc6 8. Nxc6
bxc6 9. e5 h6 10. Bh4 g5 11. fxg5 Nd5 12. Ne4 Qb6 13. g6 Qe3+ 14. Qe2 Qxe2+ 15.
Bxe2 fxg6 16. exd6 g5 17. Bg3 Bg7 18. Bh5+ Kd8 19. O-O-O e5 20. Nc5 Bd7 21. Be1
Nf4 22. Ba5+ Kc8 23. Bf3 g4 24. Be4 Ne2+ 25. Kb1 Nd4 26. c3 Nb5 27. Nxd7 Kxd7
28. Bf5+ 1-0

[Event "XIV C.to Mondiale ICSC"]
[Site "Sankt Gallen SUI"]
[Date "2008.07.23"]
[Round "4"]
[White "Pasquotto, Mirko"]
[Black "Guy, David"]
[Result "0-1"]
[WhiteElo "1900"]
[BlackElo "1951"]
[PlyCount "64"]
[EventDate "2008.07.20"]

1. d4 Nf6 2. c4 g6 3. Nc3 d5 4. cxd5 Nxd5 5. e4 Nxc3 6. bxc3 Bg7 7. Bc4 c5 8.
Ne2 cxd4 9. cxd4 O-O 10. O-O Nc6 11. Be3 Na5 12. Bd3 b6 13. Rc1 Bb7 14. f3 Qd7
15. Qd2 Rac8 16. d5 e6 17. dxe6 Qxe6 18. Nd4 Qd7 19. Bb5 Qd6 20. Qf2 Rfd8 21.
Nb3 Nxb3 22. axb3 Qb4 23. Bc4 b5 24. Be2 Qxb3 25. Rb1 Qa2 26. Rfc1 a6 27. Qe1
Qa3 28. Bg5 Rxc1 29. Rxc1 Rc8 30. Rxc8+ Bxc8 31. Qd1 Qc5+ 32. Kf1 Qxg5 0-1

[Event "XIV C.to Mondiale ICSC"]
[Site "Sankt Gallen SUI"]
[Date "2008.07.25"]
[Round "6"]
[White "Pasquotto, Mirko"]
[Black "Svec, Darko"]
[Result "0-1"]
[WhiteElo "1900"]
[BlackElo "1942"]
[PlyCount "50"]
[EventDate "2008.07.20"]

1. d4 d5 2. c4 c6 3. Nf3 e6 4. Nc3 f5 5. g3 Nf6 6. Bg2 Nbd7 7. O-O Bb4 8. Qa4
Bxc3 9. bxc3 Nb6 10. Qa5 Nxc4 11. Qxd8+ Kxd8 12. Ne5 Nxe5 13. dxe5 Nd7 14. f4
b6 15. c4 Ba6 16. cxd5 cxd5 17. Kf2 Rc8 18. Ba3 Rc2 19. Bf3 Bc4 20. Bd6 Bxa2
21. Rfc1 Rxc1 22. Rxc1 Bc4 23. e3 Kc8 24. Be2 b5 25. Ra1 Kb7 0-1

[Event "XIV C.to Mondiale ICSC"]
[Site "Sankt Gallen SUI"]
[Date "2008.07.29"]
[Round "9"]
[White "Simoes, John William"]
[Black "Pasquotto, Mirko"]
[Result "1/2-1/2"]
[WhiteElo "2016"]
[BlackElo "1900"]
[PlyCount "38"]
[EventDate "2008.07.20"]

1. e4 c5 2. Nf3 d6 3. d4 cxd4 4. Nxd4 Nf6 5. Nc3 a6 6. Be2 e5 7. Nb3 Be7 8. O-O
O-O 9. Be3 Be6 10. f3 b5 11. a3 Nbd7 12. Kh1 Nb6 13. Na5 Qc7 14. Qd2 Nc4 15.
Nxc4 Bxc4 16. Rfd1 Rfd8 17. Nd5 Nxd5 18. exd5 Rac8 19. Rac1 f5 1/2-1/2

[Event "XIV C.to Mondiale ICSC"]
[Site "Sankt Gallen SUI"]
[Date "2008.07.30"]
[Round "10"]
[White "Pasquotto, Mirko"]
[Black "Kreuzer, Christopher R.L."]
[Result "1-0"]
[WhiteElo "1900"]
[BlackElo "1948"]
[PlyCount "55"]
[EventDate "2008.07.20"]

1. d4 Nf6 2. c4 e6 3. Nf3 c5 4. d5 exd5 5. cxd5 b5 6. e4 Nxe4 7. Bd3 Nd6 8. O-O
Be7 9. Re1 c4 10. Bf1 O-O 11. a4 Na6 12. axb5 Nc7 13. Nc3 Bf6 14. Bf4 Bxc3 15.
Bxd6 Bxe1 16. Bxf8 Qxf8 17. Qxe1 Nxd5 18. Bxc4 Nb6 19. Qe4 d5 20. Bxd5 Nxd5 21.
Qxd5 Be6 22. Qd4 Qb8 23. Ng5 Qxb5 24. Qe4 Bd5 25. Qxh7+ Kf8 26. Re1 f6 27. Qh8+
Bg8 28. Ne6+ 1-0

[Event "IV C.to Mondiale ICSC femminile"]
[Site "Sankt Gallen SUI"]
[Date "2008.07.29"]
[Round "8"]
[White "Nazarova, Olga"]
[Black "Gonchar, Svitlana"]
[Result "1/2-1/2"]
[WhiteElo "1986"]
[BlackElo "1805"]
[PlyCount "79"]
[EventDate "2008.07.20"]

1. d4 d5 2. c4 e6 3. Nc3 Nf6 4. Bg5 Nbd7 5. Nf3 Be7 6. e3 O-O 7. Bd3 h6 8. Bh4
c6 9. Rc1 dxc4 10. Bxc4 b5 11. Bd3 Bb7 12. O-O a6 13. Bb1 c5 14. dxc5 Nxc5 15.
Qc2 Nce4 16. Rfd1 Qb6 17. Ne5 g5 18. Bg3 Rfd8 19. Qe2 Nxc3 20. Rxc3 Rxd1+ 21.
Qxd1 Rd8 22. Qe2 Be4 23. Bc2 Bb4 24. Bxe4 Bxc3 25. bxc3 Nxe4 26. Qf3 f5 27. Qh5
Qc7 28. Qg6+ Qg7 29. Qxe6+ Kh8 30. h3 Rd1+ 31. Kh2 Nxg3 32. fxg3 Rf1 33. g4
fxg4 34. Nxg4 h5 35. Qe8+ Kh7 36. Qxh5+ Kg8 37. Qe8+ Kh7 38. Qh5+ Kg8 39. Qe8+
Kh7 40. Qh5+ 1/2-1/2

[Event "III Festival A"]
[Site "Senigallia ITA"]
[Date "2008.08.02"]
[Round "1"]
[White "Ferri, Stefano"]
[Black "Sellitti, Luca"]
[Result "1-0"]
[WhiteElo "2146"]
[BlackElo "1826"]
[PlyCount "76"]
[EventDate "2008.08.02"]

1. e4 g6 2. d4 Bg7 3. Nc3 d6 4. h3 c6 5. a4 Qc7 6. g3 Nf6 7. Bg2 O-O 8. Nge2 b6
9. O-O Bb7 10. Be3 Na6 11. Qd2 e5 12. g4 Qe7 13. Ng3 Rad8 14. f4 c5 15. fxe5
dxe5 16. d5 Nb4 17. Bg5 a6 18. Rf2 Rd6 19. Raf1 Nc6 20. Rxf6 Bxf6 21. Rxf6 Rxf6
22. dxc6 Bxc6 23. Nd5 Bxd5 24. exd5 h6 25. Bxh6 Rd6 26. Bxf8 Kxf8 27. Ne4 Rd8
28. d6 Qh4 29. g5 Kg7 30. Qf2 Qxf2+ 31. Kxf2 Kf8 32. Bf1 b5 33. Nf6 b4 34. Nd7+
Kg7 35. Ke3 c4 36. Nxe5 b3 37. Nc6 Rd7 38. Nb4 Kh8 1-0

[Event "III Festival A"]
[Site "Senigallia ITA"]
[Date "2008.08.02"]
[Round "1"]
[White "Lazic, Miroljub"]
[Black "Occari, Maurizio"]
[Result "1-0"]
[WhiteElo "2528"]
[BlackElo "1991"]
[PlyCount "63"]
[EventDate "2008.08.02"]

1. e4 g6 2. d4 Bg7 3. Nc3 d6 4. h3 c6 5. a4 Qc7 6. g3 Nf6 7. Bg2 O-O 8. Nge2 b6
9. O-O Bb7 10. Be3 Na6 11. Qd2 e5 12. g4 Qe7 13. Ng3 Rad8 14. f4 c5 15. fxe5
dxe5 16. d5 Nb4 17. Bg5 a6 18. Rf2 Rd6 19. Raf1 Nc6 20. Rxf6 Bxf6 21. Rxf6 Rxf6
22. dxc6 Bxc6 23. Nd5 Bxd5 24. exd5 h6 25. Bxh6 Rd6 26. Bxf8 Kxf8 27. Ne4 Rd8
28. d6 Qh4 29. g5 Kg7 30. Qf2 Qxf2+ 31. Kxf2 Kf8 32. Bf1 1-0

[Event "III Festival A"]
[Site "Senigallia ITA"]
[Date "2008.08.03"]
[Round "2"]
[White "Paolinelli, Giacomo"]
[Black "Lazic, Miroljub"]
[Result "0-1"]
[WhiteElo "2112"]
[BlackElo "2528"]
[PlyCount "66"]
[EventDate "2008.08.02"]

1. e4 e5 2. d4 Nc6 3. d5 Nce7 4. Nc3 Ng6 5. g3 Nf6 6. Qd3 Bc5 7. Bd2 a6 8. f3
d6 9. O-O-O O-O 10. h4 Nh5 11. Nge2 f5 12. Bh3 f4 13. Bxc8 Rxc8 14. g4 Ng3 15.
Rh3 Nxe2+ 16. Qxe2 Ne7 17. Be1 Bd4 18. Nb1 c6 19. Bc3 Be3+ 20. Bd2 Bxd2+ 21.
Rxd2 cxd5 22. exd5 Qa5 23. Nc3 Rxc3 24. bxc3 Qxa2 25. Rd3 Nxd5 26. Rh2 Ne3 27.
Rxe3 fxe3 28. Qxe3 a5 29. Rf2 a4 30. f4 Qa1+ 31. Kd2 Qg1 32. f5 a3 33. Re2 Qxg4
0-1

[Event "III Festival A"]
[Site "Senigallia ITA"]
[Date "2008.08.04"]
[Round "3"]
[White "Dimitrijevic, Dragan"]
[Black "Ricci, Alessio"]
[Result "0-1"]
[WhiteElo "2055"]
[BlackElo "1856"]
[PlyCount "60"]
[EventDate "2008.08.02"]

1. d4 d5 2. c4 e6 3. Nc3 Nf6 4. cxd5 exd5 5. Bg5 Nbd7 6. Qc2 c6 7. e3 h6 8. Bf4
Nh5 9. Nge2 Be7 10. g4 Nhf6 11. Rg1 g5 12. Be5 Nxe5 13. dxe5 Nxg4 14. e6 Bxe6
15. Nd4 Qd7 16. O-O-O f5 17. e4 fxe4 18. Bh3 h5 19. f3 exf3 20. Nxf3 O-O-O 21.
Nd4 Bf6 22. Qe2 Bxd4 23. Rxd4 Rhe8 24. Rf1 c5 25. Ra4 a6 26. Ra5 Qc7 27. Ra3
Kb8 28. Bg2 Qe5 29. Qc2 Ne3 30. Qe2 Bg4 0-1

[Event "III Festival A"]
[Site "Senigallia ITA"]
[Date "2008.08.04"]
[Round "3"]
[White "Loccisano, Giuseppe"]
[Black "Padovani, Alessio"]
[Result "0-1"]
[WhiteElo "1670"]
[BlackElo "1946"]
[PlyCount "50"]
[EventDate "2008.08.02"]

1. e4 e5 2. Nf3 f5 3. Nxe5 Qf6 4. d4 d6 5. Nc4 fxe4 6. Ne3 c6 7. c4 Qg6 8. Be2
Nf6 9. Nc3 Be7 10. Qb3 O-O 11. d5 Nbd7 12. dxc6 bxc6 13. Qc2 Ne5 14. b3 Nfg4
15. Nxg4 Nxg4 16. Bxg4 Bxg4 17. h3 Bd7 18. Be3 d5 19. Ne2 dxc4 20. Qxc4+ Be6
21. Qc2 Bb4+ 22. Nc3 Rad8 23. Kf1 Qf6 24. Rc1 Bxc3 25. Qxc3 Qxc3 0-1

[Event "III Festival A"]
[Site "Senigallia ITA"]
[Date "2008.08.04"]
[Round "3"]
[White "Piva, Giorgio"]
[Black "Dini, Andrea"]
[Result "1-0"]
[WhiteElo "2167"]
[BlackElo "2000"]
[PlyCount "85"]
[EventDate "2008.08.02"]

1. e4 a6 2. Nf3 b5 3. d4 Bb7 4. Bd3 e6 5. O-O c5 6. c3 d6 7. Qe2 Nd7 8. Bf4
Ngf6 9. Nbd2 h6 10. a4 Be7 11. axb5 axb5 12. Bxb5 O-O 13. Bd3 d5 14. e5 Ne8 15.
Bc2 c4 16. h3 Qb6 17. Rxa8 Bxa8 18. b3 cxb3 19. Nxb3 f5 20. exf6 Nexf6 21. Ne5
Nxe5 22. Bxe5 Qc6 23. Bxf6 Rxf6 24. Ra1 Bb7 25. Qd3 g6 26. Na5 Qb6 27. Rb1 Qxa5
28. Rxb7 Qa3 29. Qd2 Bf8 30. Bd3 Qd6 31. Qc2 e5 32. Qa2 exd4 33. cxd4 Qf4 34.
Rb5 Kh8 35. Rxd5 Bd6 36. g3 Qf3 37. Bf1 Bxg3 38. Rd8+ Rf8 39. Rxf8+ Qxf8 40.
fxg3 g5 41. Qd2 Qf6 42. Qg2 Qf2+ 43. Kh2 1-0

[Event "III Festival A"]
[Site "Senigallia ITA"]
[Date "2008.08.04"]
[Round "3"]
[White "Skrijely, Edin"]
[Black "Magini, Fabio"]
[Result "0-1"]
[WhiteElo "1461"]
[BlackElo "1970"]
[PlyCount "48"]
[EventDate "2008.08.02"]

1. g3 Nf6 2. Bg2 g6 3. b3 Bg7 4. Bb2 d5 5. d3 c6 6. Nd2 O-O 7. e3 Nbd7 8. Ne2
a5 9. O-O a4 10. bxa4 Nc5 11. Nf4 Nxa4 12. Be5 Nb6 13. c4 Nbd7 14. Bb2 e6 15.
e4 dxe4 16. Nxe4 Nxe4 17. Bxg7 Nxf2 18. Rxf2 Kxg7 19. a4 e5 20. Ne2 Nc5 21. a5
Qxd3 22. Qe1 Qe3 23. Nc3 Qxe1+ 24. Rxe1 Nd3 0-1

[Event "III Festival A"]
[Site "Senigallia ITA"]
[Date "2008.08.04"]
[Round "3"]
[White "Stromboli, Ettore"]
[Black "Borgiani, Flavio"]
[Result "1-0"]
[WhiteElo "2300"]
[BlackElo "2215"]
[PlyCount "79"]
[EventDate "2008.08.02"]

1. e4 a6 2. Nf3 b5 3. d4 Bb7 4. Bd3 e6 5. O-O c5 6. c3 d6 7. Qe2 Nd7 8. Bf4
Ngf6 9. Nbd2 h6 10. a4 Be7 11. axb5 axb5 12. Bxb5 O-O 13. Bd3 d5 14. e5 Ne8 15.
Bc2 c4 16. h3 Qb6 17. Rxa8 Bxa8 18. b3 cxb3 19. Nxb3 f5 20. exf6 Nexf6 21. Ne5
Nxe5 22. Bxe5 Qc6 23. Bxf6 Rxf6 24. Ra1 Bb7 25. Qd3 g6 26. Na5 Qb6 27. Rb1 Qxa5
28. Rxb7 Qa3 29. Qd2 Bf8 30. Bd3 Qd6 31. Qc2 e5 32. Qa2 exd4 33. cxd4 Qf4 34.
Rb5 Kh8 35. Rxd5 Bd6 36. g3 Qf3 37. Bf1 Bxg3 38. Rd8+ Rf8 39. Rxf8+ Qxf8 40.
fxg3 1-0

[Event "III Festival A"]
[Site "Senigallia ITA"]
[Date "2008.08.05"]
[Round "4"]
[White "Ferretti, Folco"]
[Black "Stromboli, Ettore"]
[Result "1/2-1/2"]
[WhiteElo "2284"]
[BlackElo "2300"]
[PlyCount "112"]
[EventDate "2008.08.02"]

1. c4 b6 2. Nc3 e6 3. e4 Bb4 4. Qc2 Bb7 5. Nf3 Ne7 6. d4 d5 7. cxd5 exd5 8. e5
O-O 9. Bd3 h6 10. h4 c5 11. Bxh6 gxh6 12. Qd2 Kg7 13. Rh3 Rh8 14. Rg3+ Kf8 15.
Qf4 Bc8 16. Qf6 Rg8 17. Qxh6+ Ke8 18. Bb5+ Bd7 19. e6 fxe6 20. Qh5+ Ng6 21.
Rxg6 Rxg6 22. Qxg6+ Ke7 23. Ng5 Qe8 24. Qg7+ Kd8 25. Nf7+ Ke7 26. Ne5+ Kd6 27.
Nxd7 Nxd7 28. O-O-O Bxc3 29. bxc3 a6 30. Bxd7 Qxd7 31. Qe5+ Kc6 32. Re1 cxd4
33. cxd4 Rc8 34. Kd2 Kb7 35. Rc1 Rxc1 36. Kxc1 Qc6+ 37. Kd2 Qa4 38. h5 Qxa2+
39. Ke3 Qb2 40. h6 Qc1+ 41. Kd3 Qxh6 42. Qd6 Qh7+ 43. Kd2 Qg7 44. Ke3 Qg5+ 45.
Kd3 Qf5+ 46. Ke3 Qf7 47. Kd3 a5 48. Ke3 Ka6 49. g4 Qg6 50. f3 Qg5+ 51. Ke2 Qg6
52. Qc6 Qf6 53. Ke3 Qg5+ 54. Kd3 Qf6 55. Qc8+ Kb5 56. Qd7+ Ka6 1/2-1/2

[Event "III Festival A"]
[Site "Senigallia ITA"]
[Date "2008.08.05"]
[Round "4"]
[White "Padovani, Alessio"]
[Black "Van der Veen, Ronald"]
[Result "1-0"]
[WhiteElo "1946"]
[BlackElo "2013"]
[PlyCount "63"]
[EventDate "2008.08.02"]

1. c4 c6 2. Nc3 Nf6 3. d3 d5 4. cxd5 cxd5 5. g3 e6 6. Bg2 Bd6 7. Nf3 Nc6 8. d4
O-O 9. O-O a6 10. Bg5 h6 11. Bxf6 Qxf6 12. e4 Bb4 13. exd5 Bxc3 14. dxc6 Bxb2
15. Rb1 Bxd4 16. Qxd4 bxc6 17. Qxf6 gxf6 18. Nd4 Bd7 19. Bxc6 Bxc6 20. Nxc6 Kg7
21. Rb7 Rac8 22. Nd4 Kg6 23. Ra7 Rfd8 24. Nf3 Rd6 25. Rb1 Rc2 26. Rbb7 Kh5 27.
Rxf7 f5 28. Rf6 Kg4 29. Kg2 Rb6 30. h3+ Kh5 31. Rh7 Rbb2 32. Rhxh6# 1-0

[Event "III Festival A"]
[Site "Senigallia ITA"]
[Date "2008.08.05"]
[Round "4"]
[White "Pepe, Mario"]
[Black "Coqueraut, Jean Dominique"]
[Result "1-0"]
[WhiteElo "2056"]
[BlackElo "1942"]
[PlyCount "53"]
[EventDate "2008.08.02"]

1. e4 d6 2. d4 Nf6 3. Nc3 g6 4. Be3 a6 5. Be2 b5 6. Bf3 c6 7. Qd2 Qc7 8. Nge2
e5 9. O-O Bg7 10. Rad1 O-O 11. Bh6 Bxh6 12. Qxh6 b4 13. Na4 Nbd7 14. Qg5 Kg7
15. Ng3 Kh8 16. dxe5 dxe5 17. Nc5 Nxc5 18. Qxf6+ Kg8 19. Rd6 Be6 20. Qxe5 Nd7
21. Qd4 Bd5 22. Rxd7 Qxd7 23. exd5 cxd5 24. Bxd5 Rae8 25. Ne4 Re6 26. Qc4 Rxe4
27. Bxe4 1-0

[Event "III Festival A"]
[Site "Senigallia ITA"]
[Date "2008.08.06"]
[Round "5"]
[White "Dimitrijevic, Dragan"]
[Black "Greco, Umberto"]
[Result "1-0"]
[WhiteElo "2055"]
[BlackElo "1760"]
[PlyCount "39"]
[EventDate "2008.08.02"]

1. e4 c6 2. d4 d5 3. exd5 cxd5 4. Bd3 Nc6 5. c3 Nf6 6. Bf4 e6 7. Nf3 Bd6 8. Bg3
O-O 9. O-O Bxg3 10. fxg3 h6 11. Nbd2 Qd6 12. Qe2 Nd7 13. Rae1 a6 14. g4 Re8 15.
Qf2 e5 16. dxe5 Ndxe5 17. Nxe5 Nxe5 18. Rxe5 Rxe5 19. Qxf7+ Kh8 20. Qf8+ 1-0

[Event "III Festival A"]
[Site "Senigallia ITA"]
[Date "2008.08.06"]
[Round "5"]
[White "Ferri, Stefano"]
[Black "Dini, Andrea"]
[Result "1-0"]
[WhiteElo "2146"]
[BlackElo "2000"]
[PlyCount "51"]
[EventDate "2008.08.02"]

1. d4 d5 2. Nf3 c6 3. g3 Nf6 4. Bg2 e6 5. O-O Nbd7 6. Bf4 Nh5 7. Bg5 f6 8. Bd2
f5 9. c4 Bd6 10. Nc3 Nhf6 11. Qb3 Ne4 12. Nxe4 fxe4 13. Ng5 Qf6 14. Be3 Qg6 15.
Bh3 Nf8 16. cxd5 cxd5 17. Qb5+ Bd7 18. Qxb7 Rb8 19. Qa6 h6 20. Qxd6 Rb6 21. Qe5
hxg5 22. Bg4 Qh7 23. h3 Ng6 24. Qc7 Nf8 25. Bxg5 Ng6 26. Qd8+ 1-0

[Event "III Festival A"]
[Site "Senigallia ITA"]
[Date "2008.08.06"]
[Round "5"]
[White "Lazic, Miroljub"]
[Black "Ferretti, Folco"]
[Result "0-1"]
[WhiteElo "2528"]
[BlackElo "2284"]
[PlyCount "79"]
[EventDate "2008.08.02"]

1. Nf3 Nf6 2. b3 c5 3. e3 e6 4. Bb2 b6 5. c4 Be7 6. Be2 O-O 7. O-O d5 8. d3 Bb7
9. Nbd2 Na6 10. a3 Qc7 11. Rc1 Rac8 12. Rc2 dxc4 13. bxc4 Rfd8 14. Qa1 Ne8 15.
Ne4 Nb8 16. Nfd2 Bc6 17. f4 f5 18. Nf2 Bf6 19. Nf3 Bxb2 20. Qxb2 Qe7 21. Ne5
Bb7 22. Bf3 Nc6 23. Bxc6 Bxc6 24. Nxc6 Rxc6 25. a4 Rcd6 26. a5 Qc7 27. axb6
axb6 28. Ra1 Nf6 29. h3 Nd7 30. Ra3 Rc6 31. Qa1 e5 32. Ra7 Qd6 33. Re2 Re8 34.
fxe5 Nxe5 35. Qc3 Rc7 36. Rxc7 Qxc7 37. d4 Ng6 38. d5 Qg3 39. Nh1 Qd6 40. Nf2
$138 0-1

[Event "III Festival A"]
[Site "Senigallia ITA"]
[Date "2008.08.06"]
[Round "5"]
[White "Occhipinti, Giuseppe"]
[Black "Corti, Corrado"]
[Result "0-1"]
[WhiteElo "1969"]
[BlackElo "2031"]
[PlyCount "86"]
[EventDate "2008.08.02"]

1. e4 e5 2. Nf3 d6 3. d4 exd4 4. Qxd4 Nc6 5. Bb5 Bd7 6. Bxc6 Bxc6 7. Nc3 Nf6 8.
Bg5 Be7 9. O-O-O O-O 10. Rhe1 Nd7 11. h4 Ne5 12. Bxe7 Qxe7 13. Nd5 Bxd5 14.
exd5 f6 15. Nh2 Qf7 16. f4 Nd7 17. g4 Rfe8 18. Nf3 Rxe1 19. Rxe1 Re8 20. h5
Rxe1+ 21. Nxe1 Qe7 22. Kd2 Nc5 23. Qe3 Kf7 24. Nf3 Qxe3+ 25. Kxe3 Na4 26. Nd4
Nxb2 27. Ne6 Nd1+ 28. Kd4 Nf2 29. g5 Nh3 30. a4 fxg5 31. fxg5 g6 32. hxg6+ Kxg6
33. Nxc7 Nxg5 34. Nb5 Nf7 35. Nxa7 Kf5 36. Nb5 h5 37. c4 b6 38. Nxd6+ Nxd6 39.
c5 bxc5+ 40. Kxc5 Ke5 41. Kc6 h4 42. a5 h3 43. a6 h2 0-1

[Event "III Festival A"]
[Site "Senigallia ITA"]
[Date "2008.08.06"]
[Round "5"]
[White "Revinelli, Sergio"]
[Black "Occari, Maurizio"]
[Result "0-1"]
[WhiteElo "1862"]
[BlackElo "1991"]
[PlyCount "64"]
[EventDate "2008.08.02"]

1. e4 g6 2. d4 Bg7 3. c3 d6 4. h3 c6 5. Bf4 Nf6 6. Bd3 O-O 7. Nf3 b5 8. O-O Bb7
9. Re1 e6 10. Nbd2 e5 11. Bg5 Qc7 12. Nf1 Nbd7 13. dxe5 dxe5 14. Qc2 Nc5 15.
Be3 Nxd3 16. Qxd3 Rfd8 17. Qc2 c5 18. Bg5 Rd7 19. b3 c4 20. bxc4 bxc4 21. Bxf6
Bxf6 22. Ne3 Rd3 23. Ng4 Bg7 24. Re2 h5 25. Ngh2 Qa5 26. Rc1 Bh6 27. Ne1 Rad8
28. Rb1 Rd2 29. Rxd2 Rxd2 30. Qc1 Bxe4 31. Rb8+ Kg7 32. Qa1 Qc5 0-1

[Event "III Festival A"]
[Site "Senigallia ITA"]
[Date "2008.08.07"]
[Round "6"]
[White "Altini, Daniele"]
[Black "Ferri, Stefano"]
[Result "1-0"]
[WhiteElo "2225"]
[BlackElo "2146"]
[PlyCount "69"]
[EventDate "2008.08.02"]

1. d4 Nf6 2. Bf4 g6 3. e3 Bg7 4. Nf3 O-O 5. Be2 d5 6. Nbd2 b6 7. c4 Bb7 8. O-O
Nbd7 9. Rc1 c5 10. Ne5 Rc8 11. Qa4 a6 12. Bf3 Nxe5 13. Bxe5 Ne4 14. Bxg7 Kxg7
15. Bxe4 dxe4 16. Nb3 cxd4 17. exd4 e6 18. Qb4 Ba8 19. Rfd1 a5 20. Qc3 Bd5 21.
Nd2 f5 22. b3 Qf6 23. Nf1 f4 24. Qd2 Ba8 25. a3 Rcd8 26. c5 bxc5 27. Rxc5 Bd5
28. Qc3 Qg5 29. Re1 e3 30. f3 Rf5 31. Kh1 Qh4 32. Re2 Rh5 33. Qxa5 Bxf3 34.
gxf3 Qh3 35. Qc7+ 1-0

[Event "III Festival A"]
[Site "Senigallia ITA"]
[Date "2008.08.07"]
[Round "6"]
[White "De Blasio, Alessandro"]
[Black "Satta, Vladimiro"]
[Result "0-1"]
[WhiteElo "2073"]
[BlackElo "2235"]
[PlyCount "80"]
[EventDate "2008.08.02"]

1. e4 e6 2. d4 d5 3. Nd2 c5 4. exd5 Qxd5 5. Ngf3 cxd4 6. Bc4 Qd6 7. O-O Nf6 8.
Nb3 Nc6 9. Nbxd4 Nxd4 10. Qxd4 Bd7 11. Bf4 Qxd4 12. Nxd4 Rc8 13. Bd3 Nd5 14.
Bg3 Bc5 15. c3 Bxd4 16. cxd4 Nb4 17. Rfd1 Ke7 18. Be4 Bc6 19. a3 Bxe4 20. axb4
a6 21. Rac1 Bc2 22. Rd2 Bb3 23. Rc5 b6 24. Rc3 Rxc3 25. bxc3 Rc8 26. Rd3 Bc2
27. Re3 a5 28. bxa5 bxa5 29. Re5 Ra8 30. Re2 Bb3 31. Bf4 a4 32. Bc1 a3 33. Re1
Kd6 34. f4 Kd5 35. Re5+ Kc4 36. Rc5+ Kd3 37. Bxa3 Rxa3 38. Rc7 Bd5 39. Rxf7
Ra1+ 40. Kf2 Ra2+ 0-1

[Event "III Festival A"]
[Site "Senigallia ITA"]
[Date "2008.08.07"]
[Round "6"]
[White "Ferretti, Folco"]
[Black "Borgiani, Flavio"]
[Result "1-0"]
[WhiteElo "2284"]
[BlackElo "2215"]
[PlyCount "91"]
[EventDate "2008.08.02"]

1. Nf3 d6 2. e4 f5 3. exf5 Bxf5 4. d4 Nf6 5. Bd3 Qd7 6. O-O Bxd3 7. Qxd3 Nc6 8.
c4 e6 9. Nc3 O-O-O 10. Re1 d5 11. c5 h6 12. Bf4 Nh5 13. Be5 a6 14. Rab1 Na5 15.
b4 Nc4 16. b5 a5 17. Na4 Nf6 18. Bg3 g5 19. Ne5 Qh7 20. Qxh7 Rxh7 21. Nxc4 dxc4
22. Rxe6 Rf7 23. Rc1 Nh5 24. Rxc4 Nxg3 25. hxg3 Bg7 26. c6 bxc6 27. Rexc6 Bxd4
28. Nc5 Bxf2+ 29. Kh2 Rd6 30. Rxd6 cxd6 31. Ne4+ Kd7 32. Rc6 d5 33. Nf6+ Kd8
34. Nxd5 h5 35. Ra6 Ra7 36. Rg6 h4 37. gxh4 gxh4 38. Kh3 Kc8 39. Rf6 Rd7 40.
Rxf2 Rxd5 41. Kxh4 Rxb5 42. g4 a4 43. g5 Kd7 44. Kh5 Rb6 45. g6 Ke7 46. g7 1-0

[Event "III Festival A"]
[Site "Senigallia ITA"]
[Date "2008.08.08"]
[Round "7"]
[White "Procacci, Sergio"]
[Black "Alessandrini, Giacomo"]
[Result "1-0"]
[WhiteElo "2006"]
[BlackElo "1695"]
[PlyCount "59"]
[EventDate "2008.08.02"]

1. e4 e5 2. f4 exf4 3. Nf3 g5 4. Bc4 Bg7 5. d4 d6 6. c3 h6 7. O-O Ne7 8. Qd3
Nbc6 9. b4 O-O 10. g3 d5 11. Bb3 dxe4 12. Qxe4 Bf5 13. Qe2 fxg3 14. hxg3 Qd6
15. Kh2 Rae8 16. b5 Qg6 17. Qf2 Bxb1 18. Rxb1 Na5 19. Bc2 Qh5+ 20. Kg2 Nc4 21.
Bd3 Nb6 22. Rh1 Qg4 23. Bxg5 Nf5 24. Bd2 Nd5 25. Ne5 Rxe5 26. dxe5 Nfe7 27. c4
Bxe5 28. cxd5 Nxd5 29. Rh4 Qe6 30. Qf5 1-0

[Event "III Festival A"]
[Site "Senigallia ITA"]
[Date "2008.08.08"]
[Round "7"]
[White "Ricci, Alessio"]
[Black "Occari, Maurizio"]
[Result "0-1"]
[WhiteElo "1856"]
[BlackElo "1991"]
[PlyCount "50"]
[EventDate "2008.08.02"]

1. e4 g6 2. d4 Bg7 3. Nf3 d6 4. Bc4 Nf6 5. Qd3 O-O 6. O-O c6 7. Bb3 b5 8. a4 b4
9. Nbd2 d5 10. Qe3 a5 11. Ne5 Qb6 12. h3 Na6 13. Rb1 Nc7 14. c3 dxe4 15. Nxe4
Nxe4 16. Qxe4 Bf5 17. Qxc6 Qxc6 18. Nxc6 Bxb1 19. Nxe7+ Kh8 20. Bf4 Ne6 21. Bg3
Bd3 22. Rd1 Ba6 23. d5 Nc5 24. Ba2 bxc3 25. bxc3 Nxa4 0-1